Fundamental of Mathetics (Record no. 5114)

MARC details
005 - DATE AND TIME OF LATEST TRANSACTION
control field 20250625150437.0
020 ## - INTERNATIONAL STANDARD BOOK NUMBER
International Standard Book Number 0-03-022473-X
082 ## - DEWEY DECIMAL CLASSIFICATION NUMBER
Classification number 510 DYK
100 ## - MAIN ENTRY--PERSONAL NAME
Author name DYKE, J.
245 ## - TITLE STATEMENT
Title Fundamental of Mathetics
260 ## - PUBLICATION, DISTRIBUTION, ETC.
Place of publication, distribution, etc. New York,
Name of publisher, distributor, etc. Saunders,
Date of publication, distribution, etc. 2010
300 ## - PHYSICAL DESCRIPTION
Extent xxiii, 795p.; ill, figure, table
Dimensions 26cm
942 ## - ADDED ENTRY ELEMENTS (KOHA)
Source of classification or shelving scheme Dewey Decimal Classification
Koha item type Books
Holdings
Date last seen Total checkouts Full call number Barcode Cost, replacement price Price effective from Koha item type Lost status Source of classification or shelving scheme Damaged status Not for loan Withdrawn status Home library Current library Shelving location Date acquired Cost, normal purchase price
06/25/2025   510 DYK DOM000890 150000.00 06/25/2025 Books   Dewey Decimal Classification       CBE Dodoma CBE Dodoma General Collection 06/20/2012 50000.00